000 00271nam a22001217a 4500
008 180129b xxu||||| |||| 00| 0 eng d
041 _aeng
080 _a94
100 _a16
101 _aHIS
245 _aThis fabulous century 1870 1900
_cShepley,J.R
942 _2udc
_cBK
999 _c41106
_d41106